| 000 | 00432nam a2200169Ia 4500 | ||
|---|---|---|---|
| 008 | 221030s9999 xx 000 0 und d | ||
| 020 | _a9788189411244 | ||
| 041 | _aEnglish | ||
| 082 |
_a105.23 _bGup |
||
| 100 | _aU. A. Bakshi | ||
| 245 | 0 |
_aElectronic Measurements & Instrumentation _cby U. A. Bakshi, A. Bakshi |
|
| 260 |
_bTechnical Pub. _aDelhi _c2007 |
||
| 300 | _a476 | ||
| 650 | _aECE | ||
| 700 | _aA. Bakshi | ||
| 942 | _cBK | ||
| 999 |
_c3751 _d3751 |
||